Normal view
MARC view
Entry Meeting Name
001 - CONTROL NUMBER
- control field: 641339
003 - CONTROL NUMBER IDENTIFIER
- control field: OSt
005 - DATE AND TIME OF LATEST TRANSACTION
- control field: 20221005132549.0
008 - FIXED-LENGTH DATA ELEMENTS
- fixed length control field: 221005|| aca||aabn | a|a d
040 ## - CATALOGING SOURCE
- Original cataloging agency: OSt
- Transcribing agency: OSt
111 ## - HEADING--MEETING NAME
- Meeting name or jurisdiction name as entry element: Peace and international co-operation: a programme for the seventies (20th : 9th--1970 : Fontana USA)
670 ## - SOURCE DATA FOUND
- Source citation: Work cat.: (OSt)1064023: Peace and international co-operation: a programme for the seventies (20th : 9th--1970 : Fontana USA), Twentieth pugwash conference on science and world affairs , 1970
